[Event "Verbandsliga Suedbaden 1617"]
[Site "Baden"]
[Date "2017.04.02"]
[Round "8.6"]
[White "Bochis, Julia"]
[Black "Schuler, Klaus"]
[Result "1/2-1/2"]
[WhiteElo "2158"]
[BlackElo "2196"]
[PlyCount "54"]
[EventDate "2016.10.09"]
[EventType "team-tourn"]
[EventRounds "9"]
[EventCountry "GER"]
[SourceTitle "EXT 2022"]
[Source "ChessBase"]
[SourceDate "2021.10.06"]
[SourceVersion "1"]
[SourceVersionDate "2021.10.06"]
[SourceQuality "1"]
[WhiteTeam "Baden Baden III"]
[BlackTeam "Lahr"]
[WhiteTeamCountry "GER"]
[BlackTeamCountry "GER"]

1. e4 d5 2. exd5 Nf6 3. Bb5+ Bd7 4. Be2 Nxd5 5. d4 Bf5 6. Nf3 e6 7. 0-0 Be7 8. a3 0-0 9. c4 Nb6 10. Nc3 c6 11. Ra2 N8d7 12. b3 Bf6 13. Rd2 Qc7 14. Bb2 Rfe8 15. b4 h6 16. Re1 a6 17. Bf1 a5 18. Ne4 axb4 19. axb4 Be7 20. Qb3 Red8 21. h3 Bf8 22. Ng3 Bg6 23. Bd3 Bxd3 24. Rxd3 Nf6 25. Ne5 Nbd7 26. Red1 Be7 27. Bc3 b5 1/2-1/2

[Event "Verbandsliga Suedbaden 1516"]
[Site "Baden"]
[Date "2016.04.17"]
[Round "9.2"]
[White "Brennenstuhl, Oliver"]
[Black "Bochis, Julia"]
[Result "0-1"]
[WhiteElo "2048"]
[BlackElo "2158"]
[PlyCount "89"]
[EventDate "2015.09.27"]
[EventType "team-tourn"]
[EventRounds "9"]
[EventCountry "GER"]
[SourceTitle "EXT 2022"]
[Source "ChessBase"]
[SourceDate "2021.10.06"]
[SourceVersion "1"]
[SourceVersionDate "2021.10.06"]
[SourceQuality "1"]
[WhiteTeam "Lahr"]
[BlackTeam "Baden Baden IV"]
[WhiteTeamCountry "GER"]
[BlackTeamCountry "GER"]

1. e4 c5 2. Nf3 e6 3. c3 Nf6 4. d3 Nc6 5. g3 Qc7 6. Bg2 Be7 7. 0-0 d5 8. Qe2 dxe4 9. dxe4 e5 10. a4 0-0 11. Na3 h6 12. Nh4 Rd8 13. h3 Be6 14. Nf5 Bf8 15. f4 Qd7 16. fxe5 Nxe5 17. Nxh6+ gxh6 18. Rxf6 Bg7 19. Rf1 Bxh3 20. Be3 Bg4 21. Qb5 b6 22. Qxd7 Rxd7 23. Bf4 Rad8 24. Nc2 Nd3 25. Ne3 Be2 26. Rfb1 Nxf4 27. gxf4 Rd2 28. Nd5 c4 29. Bf1 Bxf1 30. Kxf1 Re8 31. a5 bxa5 32. Rxa5 Rxe4 33. b4 cxb3 34. Rxb3 h5 35. Rb8+ Kh7 36. Rb7 Rxd5 37. Rxd5 Rxf4+ 38. Kg2 Bxc3 39. Rxh5+ Kg6 40. Rh3 Bd4 41. Ra3 Bb6 42. Raxa7 Bxa7 43. Rxa7 Kg5 44. Ra3 Kg4 45. Rb3 0-1

[Event "Verbandsliga Suedbaden 1516"]
[Site "Baden"]
[Date "2016.03.20"]
[Round "8.3"]
[White "Hell, Pascal"]
[Black "Bochis, Julia"]
[Result "1/2-1/2"]
[WhiteElo "2214"]
[BlackElo "2158"]
[PlyCount "37"]
[EventDate "2015.09.27"]
[EventType "team-tourn"]
[EventRounds "9"]
[EventCountry "GER"]
[SourceTitle "EXT 2022"]
[Source "ChessBase"]
[SourceDate "2021.10.06"]
[SourceVersion "1"]
[SourceVersionDate "2021.10.06"]
[SourceQuality "1"]
[WhiteTeam "Dreilaendereck"]
[BlackTeam "Baden Baden IV"]
[WhiteTeamCountry "GER"]
[BlackTeamCountry "GER"]

1. d4 Nf6 2. Nf3 g6 3. Bf4 Bg7 4. e3 0-0 5. Be2 d5 6. h3 c5 7. 0-0 b6 8. Nbd2 Bb7 9. c4 cxd4 10. exd4 Nc6 11. Be3 dxc4 12. Nxc4 Nd5 13. Qb3 Rc8 14. Rfd1 Rc7 15. Nfe5 Nxe3 16. Qxe3 Nb4 17. Qb3 Nd5 18. Bf3 Qa8 19. Ne3 1/2-1/2

[Event "Oberliga Baden 1213"]
[Site "Baden"]
[Date "2013.04.14"]
[Round "9.7"]
[White "Scherer, Max"]
[Black "Bochis, Julia"]
[Result "1/2-1/2"]
[WhiteElo "2284"]
[BlackElo "2181"]
[PlyCount "161"]
[EventDate "2012.10.14"]
[EventType "team-tourn"]
[EventRounds "9"]
[EventCountry "GER"]
[SourceTitle "EXT 2014"]
[Source "ChessBase"]
[SourceDate "2013.11.20"]
[SourceVersion "1"]
[SourceVersionDate "2013.11.20"]
[SourceQuality "1"]
[WhiteTeam "Dreisamtal"]
[BlackTeam "Baden-Baden III"]
[WhiteTeamCountry "GER"]
[BlackTeamCountry "GER"]

1. c4 Nf6 2. g3 g6 3. Bg2 d5 4. cxd5 Nxd5 5. Nc3 Nb6 6. d4 Bg7 7. e3 0-0 8. Nge2 e5 9. 0-0 Nc6 10. d5 Ne7 11. e4 Bd7 12. a4 c6 13. a5 Nc4 14. a6 b6 15. b3 Nd6 16. dxc6 Bxc6 17. Ba3 Ndc8 18. Ra2 b5 19. Bc5 Qc7 20. Rd2 Re8 21. f4 b4 22. Na2 Bxe4 23. Bxe7 Bxg2 24. Bd8 Qc6 25. Rf2 Be4 26. Nxb4 Qc5 27. Nd3 Bxd3 28. Rxd3 Nb6 29. fxe5 Qxe5 30. Nf4 Qa5 31. Re2 Qc5+ 32. Kf1 Qc6 33. Rxe8+ Qxe8 34. Bxb6 axb6 35. Nd5 Qe4 36. Nc7 Qh1+ 37. Kf2 Qxh2+ 38. Kf3 Qh5+ 39. Kg2 Qxd1 40. Rxd1 Ra7 41. Rd8+ Bf8 42. Rc8 Kg7 43. Kf3 Bc5 44. Ke4 Bf2 45. b4 b5 46. g4 Bg3 47. Ne8+ Kh6 48. Kf3 Be1 49. Rc6 Bxb4 50. Nc7 Ba5 51. Nxb5 Ra8 52. a7 Kg5 53. Ra6 Bd8 54. Nd6 Kf6 55. Nb7+ Ke7 56. Nxd8 Kxd8 57. g5 Kd7 58. Kf4 Ke8 59. Ke5 Ke7 60. Ra5 f6+ 61. gxf6+ Kf7 62. Ra6 h6 63. Ra1 h5 64. Ra6 g5 65. Kf5 g4 66. Ra3 h4 67. Kxg4 Kxf6 68. Kxh4 Ke6 69. Kg5 Kd6 70. Kf5 Kc6 71. Ke6 Kb6 72. Kd6 Rd8+ 73. Ke7 Ra8 74. Kd6 Rd8+ 75. Ke6 Ra8 76. Rb3+ Kxa7 77. Kd6 Rh8 78. Kc6 Rh6+ 79. Kc7 Rh7+ 80. Kc6 Rh6+ 81. Kc7 1/2-1/2

[Event "Oberliga Baden 1213"]
[Site "Baden"]
[Date "2013.03.17"]
[Round "8.7"]
[White "Bochis, Julia"]
[Black "Lorenz, Michael"]
[Result "1/2-1/2"]
[WhiteElo "2181"]
[BlackElo "1955"]
[PlyCount "105"]
[EventDate "2012.10.14"]
[EventType "team-tourn"]
[EventRounds "9"]
[EventCountry "GER"]
[SourceTitle "EXT 2014"]
[Source "ChessBase"]
[SourceDate "2013.11.20"]
[SourceVersion "1"]
[SourceVersionDate "2013.11.20"]
[SourceQuality "1"]
[WhiteTeam "Baden-Baden III"]
[BlackTeam "Kuppenheim"]
[WhiteTeamCountry "GER"]
[BlackTeamCountry "GER"]

1. e4 c5 2. Nf3 g6 3. d4 Bg7 4. c4 Qb6 5. Nc3 cxd4 6. Nd5 Qd8 7. Nxd4 Nf6 8. Nc3 Nc6 9. Be3 d6 10. f3 Nxd4 11. Bxd4 0-0 12. Be2 Bd7 13. 0-0 a5 14. Qd2 Bc6 15. Rfe1 Nd7 16. Rad1 Bxd4+ 17. Qxd4 Qb6 18. Nd5 Qxd4+ 19. Rxd4 Bxd5 20. exd5 Rfe8 21. Bd1 Nc5 22. b3 Ra6 23. Re3 Rb6 24. Rd2 e5 25. dxe6 Rxe6 26. Kf2 Kf8 27. Rxe6 fxe6 28. Ke3 Ke7 29. Kd4 a4 30. Kc3 axb3 31. axb3 Ra6 32. Kb2 e5 33. b4 Ne6 34. g3 g5 35. Re2 b6 36. Re3 h6 37. Rd3 Nd4 38. f4 Kf6 39. fxe5+ dxe5 40. Rd2 Ra7 41. Rf2+ Kg6 42. Rf8 Rc7 43. Bb3 Nxb3 44. Kxb3 Re7 45. Kc3 e4 46. Kd2 e3+ 47. Ke2 Re6 48. h3 h5 49. Rc8 Kf5 50. c5 Ke4 51. cxb6 Rxb6 52. Rc4+ Kd5 53. Rc3 1/2-1/2

[Event "Oberliga Baden 1213"]
[Site "Baden"]
[Date "2012.10.14"]
[Round "1.6"]
[White "Eidinger, Helmut"]
[Black "Bochis, Julia"]
[Result "1-0"]
[WhiteElo "2133"]
[BlackElo "2181"]
[PlyCount "129"]
[EventDate "2012.10.14"]
[EventType "team-tourn"]
[EventRounds "9"]
[EventCountry "GER"]
[SourceTitle "EXT 2014"]
[Source "ChessBase"]
[SourceDate "2013.11.20"]
[SourceVersion "1"]
[SourceVersionDate "2013.11.20"]
[SourceQuality "1"]
[WhiteTeam "Waldshut"]
[BlackTeam "Baden-Baden III"]
[WhiteTeamCountry "GER"]
[BlackTeamCountry "GER"]

1. e4 c5 2. Nf3 e6 3. d4 cxd4 4. Nxd4 Nc6 5. Nxc6 bxc6 6. Bd3 Nf6 7. 0-0 Qc7 8. Nc3 Bd6 9. f4 e5 10. Qf3 0-0 11. Kh1 Rb8 12. b3 Bb7 13. Be3 Rbd8 14. Rad1 Qa5 15. Bd2 Bb4 16. Nb1 d5 17. exd5 e4 18. Bxe4 cxd5 19. Bd3 Ne4 20. Bxb4 Qxb4 21. c3 Qa5 22. c4 f5 23. Qe2 Rfe8 24. Bxe4 Rxe4 25. Qd2 Qxd2 26. Nxd2 Rd4 27. Nf3 Rxf4 28. Kg1 d4 29. Ne5 Rxf1+ 30. Kxf1 Be4 31. Kf2 Rd6 32. Nf3 d3 33. Ke3 Kf8 34. g3 h6 35. Ne5 Ke7 36. Nxd3 Kf6 37. Nf2 Rxd1 38. Nxd1 Ke5 39. Nc3 Bb7 40. h4 g5 41. hxg5 hxg5 42. Ne2 a5 43. a3 Ba6 44. Kd3 f4 45. gxf4+ gxf4 46. Nc3 Bc8 47. Nd1 Bf5+ 48. Kc3 Ke4 49. b4 axb4+ 50. axb4 Kf3 51. b5 Ke2 52. b6 Bc8 53. Nb2 f3 54. Nd3 Bb7 55. Kd4 Kd2 56. Nf2 Ke2 57. Ng4 Bc8 58. Nh2 Bb7 59. c5 f2 60. Ke5 Ke3 61. Ng4+ Kd3 62. Nxf2+ Kc4 63. Kd6 Kb5 64. Nd3 Be4 65. Kc7 1-0

[Event "Mitropa Cup (Women)"]
[Site "Sibenik"]
[Date "2012.06.06"]
[Round "6"]
[White "Kovacs, Klara"]
[Black "Bochis, Julia"]
[Result "0-1"]
[WhiteElo "2193"]
[BlackElo "2145"]
[PlyCount "78"]
[EventDate "2012.05.31"]
[EventType "team-tourn"]
[EventRounds "7"]
[EventCountry "CRO"]
[SourceTitle "CBM 148 Extra"]
[Source "ChessBase"]
[SourceDate "2012.06.22"]
[SourceVersion "1"]
[SourceVersionDate "2012.06.22"]
[SourceQuality "1"]
[WhiteTeam "Hungary (W)"]
[BlackTeam "Germany (W)"]
[WhiteTeamCountry "HUN"]
[BlackTeamCountry "GER"]

1. c4 Nf6 2. g3 g6 3. Bg2 Bg7 4. Nc3 0-0 5. e3 c6 6. Nge2 d5 7. cxd5 cxd5 8. d4 Nc6 9. Nf4 e6 10. Nd3 b6 11. b4 Qd6 12. Rb1 Bd7 13. 0-0 Rfc8 14. Qb3 a5 15. b5 Nb4 16. Ne5 Rxc3 17. Qxc3 Bxb5 18. Re1 Nd7 19. Nxd7 Qxd7 20. Qd2 Rc8 21. a3 Nc2 22. Rd1 Bf8 23. Bf1 Bxf1 24. Rxf1 Bxa3 25. Rxb6 Bb4 26. Qe2 Rc4 27. Bd2 Qc7 28. Ra6 Kg7 29. h4 h5 30. Ra8 Na3 31. Bxb4 axb4 32. g4 Qb7 33. Ra4 Nb5 34. Ra5 Nc3 35. Qb2 hxg4 36. Kg2 Qe7 37. h5 Qf6 38. hxg6 Qf3+ 39. Kh2 Ne2 0-1

[Event "Mitropa Cup (Women)"]
[Site "Sibenik"]
[Date "2012.06.02"]
[Round "3"]
[White "Motycakova, Monika"]
[Black "Bochis, Julia"]
[Result "0-1"]
[WhiteElo "2121"]
[BlackElo "2145"]
[PlyCount "94"]
[EventDate "2012.05.31"]
[EventType "team-tourn"]
[EventRounds "7"]
[EventCountry "CRO"]
[SourceTitle "CBM 148 Extra"]
[Source "ChessBase"]
[SourceDate "2012.06.22"]
[SourceVersion "1"]
[SourceVersionDate "2012.06.22"]
[SourceQuality "1"]
[WhiteTeam "Slovakia (W)"]
[BlackTeam "Germany (W)"]
[WhiteTeamCountry "SVK"]
[BlackTeamCountry "GER"]

1. e4 c5 2. Nf3 e6 3. d4 cxd4 4. Nxd4 Nc6 5. Nc3 Qc7 6. Be2 Nf6 7. 0-0 a6 8. Be3 Bb4 9. Na4 Be7 10. Nxc6 bxc6 11. Nb6 Rb8 12. Nxc8 Qxc8 13. Bd4 0-0 14. e5 Nd5 15. c4 Nf4 16. Bf3 Qc7 17. Be4 f6 18. Re1 fxe5 19. Bxe5 d6 20. Bc3 Bf6 21. Qc2 g6 22. Rad1 Bxc3 23. Qxc3 e5 24. Rd2 Ne6 25. Re3 Rf4 26. g3 Rf6 27. h4 Rbf8 28. b4 Nd4 29. Qb2 Qf7 30. Rc3 Kg7 31. a4 Qd7 32. Qb1 Qg4 33. Qd3 R8f7 34. Kg2 h6 35. Rc1 Qd7 36. Rb1 d5 37. cxd5 cxd5 38. Bxg6 Rxg6 39. b5 axb5 40. axb5 Rb6 41. f4 Qg4 42. Qe3 Re6 43. b6 Nf5 44. Qb3 exf4 45. b7 f3+ 46. Kg1 Qxg3+ 47. Kf1 Qh3+ 0-1

[Event "Oberliga Baden 1112"]
[Site "Germany"]
[Date "2012.02.26"]
[Round "7.8"]
[White "Hauke, Christian"]
[Black "Bochis, Julia"]
[Result "0-1"]
[WhiteElo "2197"]
[BlackElo "2108"]
[PlyCount "68"]
[EventDate "2011.10.02"]
[EventType "team-tourn"]
[EventRounds "9"]
[EventCountry "GER"]
[SourceTitle "EXT 2013"]
[Source "ChessBase"]
[SourceDate "2012.11.22"]
[SourceVersion "1"]
[SourceVersionDate "2012.11.22"]
[SourceQuality "1"]
[WhiteTeam "Bad Mergentheim"]
[BlackTeam "Baden-Baden III"]
[WhiteTeamCountry "GER"]
[BlackTeamCountry "GER"]

1. d4 d6 2. e4 Nf6 3. Nc3 g6 4. Bg5 Bg7 5. Qd2 h6 6. Bh4 g5 7. Bg3 Nh5 8. Bc4 e6 9. Nge2 Nc6 10. 0-0-0 Bd7 11. Qe3 Qf6 12. Nb5 Nxg3 13. Nxg3 0-0 14. Nh5 Qg6 15. Nxg7 Qxg7 16. h4 a6 17. Nc3 b5 18. Be2 b4 19. Nb1 g4 20. f4 f5 21. d5 exd5 22. exf5 Rxf5 23. Bd3 Rff8 24. h5 Rae8 25. Qg3 Nd4 26. Rde1 c5 27. c3 Nf5 28. Qf2 c4 29. Bc2 bxc3 30. bxc3 Rb8 31. Qd2 d4 32. cxd4 Nxd4 33. Re4 Nxc2 34. Qxc2 Bf5 0-1

[Event "BL 1112 (Women)"]
[Site "Germany"]
[Date "2011.11.26"]
[Round "3.6"]
[White "Bochis, Julia"]
[Black "Wolf, Sylvia"]
[Result "1/2-1/2"]
[WhiteElo "2108"]
[BlackElo "2073"]
[PlyCount "96"]
[EventDate "2011.10.29"]
[EventType "team-tourn"]
[EventRounds "11"]
[EventCountry "GER"]
[SourceTitle "EXT 2013"]
[Source "ChessBase"]
[SourceDate "2012.11.22"]
[SourceVersion "1"]
[SourceVersionDate "2012.11.22"]
[SourceQuality "1"]
[WhiteTeam "Baden-Baden (W)"]
[BlackTeam "Pankow Rotation (W)"]
[WhiteTeamCountry "GER"]
[BlackTeamCountry "GER"]

1. e4 c5 2. Ne2 e5 3. g3 d5 4. Bg2 dxe4 5. Nbc3 f5 6. 0-0 Nf6 7. d3 exd3 8. cxd3 Nc6 9. Re1 Nb4 10. Nf4 Bd6 11. Qb3 Kf8 12. Bxb7 Rb8 13. Bxc8 Qxc8 14. Ne6+ Ke7 15. Ng5 c4 16. dxc4 h6 17. c5 hxg5 18. cxd6+ Kxd6 19. Bxg5 Nd3 20. Nb5+ Rxb5 21. Qxb5 Nxe1 22. Rxe1 e4 23. Rd1+ Ke7 24. Qe5+ Kf7 25. Rc1 Qb8 26. Qxf5 Re8 27. Bf4 Qxb2 28. Rc7+ Re7 29. Rxe7+ Kxe7 30. Qc5+ Ke6 31. Qxa7 Qb1+ 32. Kg2 Qd3 33. Qb6+ Kf5 34. Qe3 Qc2 35. a3 Nd5 36. Qd2 Qb3 37. Bd6 Qf3+ 38. Kg1 e3 39. Qc2+ Ke6 40. Bc5 e2 41. Qd2 g5 42. h3 Qe4 43. Qe1 Qd3 44. Be3 Nxe3 45. fxe3 Qxe3+ 46. Kg2 Kd5 47. a4 Ke4 48. a5 Qf3+ 1/2-1/2

[Event "Alsace-Baden m"]
[Site "Gambsheim"]
[Date "2011.09.18"]
[Round "?"]
[White "Barbaras, Mathieu"]
[Black "Bochis, Julia"]
[Result "1/2-1/2"]
[WhiteElo "2053"]
[BlackElo "2108"]
[PlyCount "110"]
[EventDate "2011.09.18"]
[EventType "team-match"]
[EventRounds "1"]
[EventCountry "FRA"]
[SourceTitle "CBM 144 Extra"]
[Source "ChessBase"]
[SourceDate "2011.10.28"]
[SourceVersion "1"]
[SourceVersionDate "2011.10.28"]
[SourceQuality "1"]
[WhiteTeam "Alsace"]
[BlackTeam "Baden"]
[WhiteTeamCountry "FRA"]
[BlackTeamCountry "GER"]

1. c4 Nf6 2. g3 c5 3. Bg2 d5 4. cxd5 Nxd5 5. Nc3 Nc7 6. Nf3 Nc6 7. 0-0 e5 8. d3 Be7 9. Nd2 Bd7 10. Nc4 f6 11. Ne3 0-0 12. Ned5 Kh8 13. Be3 Rc8 14. Rc1 b6 15. a3 Ne6 16. Bd2 f5 17. f4 exf4 18. gxf4 Be8 19. e3 Bf7 20. Qf3 Nc7 21. Rcd1 Qe8 22. Nxb6 Nd4 23. exd4 axb6 24. Be3 Bh5 25. Qc6 Bxd1 26. Nxd1 Qxc6 27. Bxc6 cxd4 28. Bf2 Rcd8 29. Bg3 Bf6 30. b4 Rd6 31. b5 Nd5 32. Re1 Ne7 33. Bf3 Rc8 34. Nb2 Rc3 35. Nc4 Rd8 36. Rd1 Nc8 37. Be1 Rc2 38. Bb4 Re8 39. a4 g6 40. Rd2 Rc1+ 41. Rd1 Rxd1+ 42. Bxd1 Be7 43. Bd2 Bc5 44. Bf3 Kg7 45. a5 bxa5 46. Bxa5 Nd6 47. Nxd6 Bxd6 48. Bb6 Bxf4 49. Bxd4+ Be5 50. Bf2 Rd8 51. Be2 Kf6 52. b6 g5 53. b7 Bb8 54. d4 Rd7 55. Bf3 g4 1/2-1/2

[Event "Schwarzach op 26th"]
[Site "Schwarzach"]
[Date "2011.08.27"]
[Round "8"]
[White "Niedermeier, Thomas"]
[Black "Bochis, Julia"]
[Result "1/2-1/2"]
[WhiteElo "2153"]
[BlackElo "2124"]
[PlyCount "154"]
[EventDate "2011.08.20"]
[EventType "swiss"]
[EventRounds "9"]
[EventCountry "AUT"]
[SourceTitle "CBM 144 Extra"]
[Source "ChessBase"]
[SourceDate "2011.10.28"]
[SourceVersion "1"]
[SourceVersionDate "2011.10.28"]
[SourceQuality "1"]

1. e4 c5 2. Nf3 e6 3. d4 cxd4 4. Nxd4 Nc6 5. Nc3 Qc7 6. g3 a6 7. Bg2 d6 8. 0-0 Bd7 9. Nxc6 Bxc6 10. a4 Be7 11. Be3 Nf6 12. a5 0-0 13. Qe2 Nd7 14. Rfd1 Rac8 15. Rd2 Bf6 16. Qc4 Ne5 17. Qb4 Be7 18. Bb6 Qb8 19. f4 Nd7 20. Bf2 Rfe8 21. Qd4 Nc5 22. Qe3 Bf8 23. Qe2 d5 24. e5 b5 25. axb6 Qxb6 26. b3 Qb7 27. Bd4 Bb5 28. Qe3 Qc7 29. b4 Nd7 30. Nxb5 axb5 31. c3 Rb8 32. Bf1 Qc6 33. Rda2 Be7 34. Ra6 Qc8 35. R1a5 Bd8 36. Rxb5 Qxa6 37. Rxb8 Qc6 38. b5 Qc7 39. Ra8 f6 40. Ra7 Qc8 41. exf6 Nxf6 42. Qe5 Re7 43. Bh3 Kf7 44. Rxe7+ Bxe7 45. b6 Qd7 46. f5 exf5 47. Bxf5 Qa4 48. Be6+ Kf8 49. Qb8+ Ne8 50. Qf4+ Nf6 51. Bxf6 Qd1+ 52. Qf1 Qxf1+ 53. Kxf1 Bxf6 54. b7 Be5 55. Bxd5 Ke7 56. c4 Kd8 57. Ke2 Kc7 58. Kd3 Bb2 59. Ke4 Bf6 60. Kf5 Bd4 61. Ke4 Bf6 62. Kd3 h6 63. c5 Bg5 64. Kc4 Be3 65. h3 Bf2 66. g4 Be3 67. Kb5 Bd4 68. Kc4 Be3 69. c6 Bf4 70. Be4 Be5 71. Kd5 Bg3 72. Ke6 Bf4 73. Kf7 Be5 74. h4 Bd4 75. Ke8 Bf6 76. Kf7 Bxh4 77. Kxg7 Bg5 1/2-1/2

[Event "Schwarzach op 26th"]
[Site "Schwarzach"]
[Date "2011.08.26"]
[Round "7"]
[White "Bochis, Julia"]
[Black "Lund, Silas Esben"]
[Result "0-1"]
[WhiteElo "2124"]
[BlackElo "2388"]
[PlyCount "136"]
[EventDate "2011.08.20"]
[EventType "swiss"]
[EventRounds "9"]
[EventCountry "AUT"]
[SourceTitle "CBM 144 Extra"]
[Source "ChessBase"]
[SourceDate "2011.10.28"]
[SourceVersion "1"]
[SourceVersionDate "2011.10.28"]
[SourceQuality "1"]

1. e4 c5 2. Nf3 Nc6 3. d4 cxd4 4. Nxd4 g6 5. c4 Bg7 6. Be3 Nf6 7. Nc3 d6 8. Be2 0-0 9. 0-0 Bd7 10. Nb3 b6 11. Rc1 Ne5 12. f3 Re8 13. Kh1 Rc8 14. Nd5 Ba4 15. Qd2 Bxb3 16. axb3 Nfd7 17. b4 e6 18. Nf4 Nf6 19. b3 h6 20. Rfd1 g5 21. Nd3 Nxd3 22. Bxd3 Rc7 23. Qf2 Rd7 24. Qg1 Qb8 25. Be2 Red8 26. Bd4 Nh5 27. Bxg7 Kxg7 28. Qd4+ e5 29. Qc3 Nf4 30. Bf1 Ne6 31. g3 Re7 32. b5 f6 33. Bh3 Nd4 34. Qe3 Qa8 35. f4 a6 36. bxa6 Qxa6 37. fxg5 hxg5 38. Ra1 Qb7 39. Ra2 b5 40. Rf2 Rf8 41. Bf1 bxc4 42. Bxc4 Qc8 43. Kg1 Qg4 44. Be2 Qh3 45. Bf1 Qd7 46. Bc4 Kg6 47. Rdf1 Rh7 48. Rg2 Qh3 49. Qd2 Rfh8 50. Qf2 Rf8 51. Qd2 Rb7 52. Bd5 Rc7 53. Bc4 g4 54. Qb4 Rh7 55. Rff2 Nf3+ 56. Kf1 Ra8 57. Ke2 Qh6 58. Rxf3 gxf3+ 59. Kxf3 Qh5+ 60. Ke3 Qg5+ 61. Kd3 Rxh2 62. Bd5 Rxg2 63. Bxa8 Qxg3+ 64. Kc4 Rc2+ 65. Kd5 Qd3+ 66. Ke6 Qh3+ 67. Kd5 Qc8 68. Qb7 Rd2# 0-1

[Event "Schwarzach op 26th"]
[Site "Schwarzach"]
[Date "2011.08.23"]
[Round "4"]
[White "Bochis, Julia"]
[Black "Wohl, Aleksandar H"]
[Result "1-0"]
[WhiteElo "2124"]
[BlackElo "2405"]
[PlyCount "79"]
[EventDate "2011.08.20"]
[EventType "swiss"]
[EventRounds "9"]
[EventCountry "AUT"]
[SourceTitle "CBM 144 Extra"]
[Source "ChessBase"]
[SourceDate "2011.10.28"]
[SourceVersion "1"]
[SourceVersionDate "2011.10.28"]
[SourceQuality "1"]

1. e4 e6 2. d4 b6 3. Bd3 Bb7 4. Ne2 Ne7 5. 0-0 g6 6. c3 Bg7 7. Bg5 h6 8. Be3 d6 9. f4 f5 10. Ng3 h5 11. Qf3 h4 12. Nh1 h3 13. gxh3 Nd7 14. Nd2 Nf6 15. a4 a5 16. Nf2 Kf7 17. c4 Qg8 18. d5 exd5 19. exd5 Nh5 20. Nb3 Bxb2 21. Rab1 Bf6 22. h4 Ng7 23. Bd4 Qh7 24. Bxf6 Kxf6 25. Nd4 Qxh4 26. h3 Rae8 27. Rfe1 g5 28. fxg5+ Qxg5+ 29. Kh2 Ng6 30. Nxf5 Nxf5 31. Ng4+ Kg7 32. Qxf5 Qd2+ 33. Kg3 Rxe1 34. Qf6+ Kg8 35. Qd8+ Kf7 36. Bxg6+ Kxg6 37. Qf6+ Kh5 38. Qxh8+ Kg6 39. Qg8+ Kf5 40. Qh7+ 1-0

[Event "Schwarzach op 26th"]
[Site "Schwarzach"]
[Date "2011.08.21"]
[Round "2"]
[White "Bochis, Julia"]
[Black "Bontempi, Piero"]
[Result "1/2-1/2"]
[WhiteElo "2124"]
[BlackElo "2325"]
[PlyCount "87"]
[EventDate "2011.08.20"]
[EventType "swiss"]
[EventRounds "9"]
[EventCountry "AUT"]
[SourceTitle "CBM 144 Extra"]
[Source "ChessBase"]
[SourceDate "2011.10.28"]
[SourceVersion "1"]
[SourceVersionDate "2011.10.28"]
[SourceQuality "1"]

1. e4 c5 2. Nf3 Nc6 3. d4 cxd4 4. Nxd4 g6 5. c4 Nf6 6. Nc3 d6 7. Be2 Nxd4 8. Qxd4 Bg7 9. Bg5 0-0 10. Qd2 a5 11. 0-0 a4 12. Rac1 Qa5 13. f3 Bd7 14. Rc2 Rfc8 15. Bxf6 Qc5+ 16. Kh1 exf6 17. Nd5 Re8 18. b4 axb3 19. axb3 Ra3 20. b4 Qc6 21. c5 dxc5 22. Rxc5 Qd6 23. Nxf6+ Qxf6 24. Qxd7 Raa8 25. Qxb7 Rab8 26. Qc6 Qb2 27. Bc4 Qxb4 28. Rb5 Qe7 29. Rxb8 Rxb8 30. Rd1 Be5 31. Qd5 Kg7 32. g3 Rb6 33. Qd7 Qf6 34. Kg2 Rc6 35. Be2 Rc7 36. Qd8 Qc6 37. Qd3 Qe8 38. Rd2 Re7 39. Qd8 Qxd8 40. Rxd8 g5 41. Rd5 f6 42. Bb5 Rc7 43. Rd7+ Rxd7 44. Bxd7 1/2-1/2

[Event "Pardubice Czech op 22nd"]
[Site "Pardubice"]
[Date "2011.07.23"]
[Round "2"]
[White "Bochis, Julia"]
[Black "Ageichenko, Genadi A"]
[Result "0-1"]
[WhiteElo "2124"]
[BlackElo "2356"]
[PlyCount "110"]
[EventDate "2011.07.22"]
[EventType "swiss"]
[EventRounds "9"]
[EventCountry "CZE"]
[SourceTitle "CBM 143 Extra"]
[Source "ChessBase"]
[SourceDate "2011.08.29"]
[SourceVersion "1"]
[SourceVersionDate "2011.08.29"]
[SourceQuality "1"]

1. e4 c5 2. Nf3 e6 3. d4 cxd4 4. Nxd4 Nc6 5. Nc3 a6 6. Be2 Qc7 7. 0-0 Nf6 8. Be3 Be7 9. f4 d6 10. a4 0-0 11. Kh1 Re8 12. a5 Bf8 13. Nb3 Nd7 14. Na4 Nc5 15. Naxc5 dxc5 16. Nxc5 Nxa5 17. b4 Nc6 18. c3 Rb8 19. Qe1 Bd7 20. Qf2 Ne7 21. f5 Nc8 22. Nxd7 Qxd7 23. fxe6 fxe6 24. Rad1 Qc7 25. Bf4 Nd6 26. Qc5 Qxc5 27. bxc5 Nxe4 28. Bxb8 Rxb8 29. Bf3 Nxc5 30. Rd4 b5 31. Rb1 Be7 32. Rdb4 Bf6 33. c4 Bc3 34. cxb5 Bxb4 35. Rxb4 Rxb5 36. Rd4 Rb1+ 37. Rd1 Rxd1+ 38. Bxd1 a5 39. Be2 a4 40. Kg1 a3 41. Bc4 Ne4 42. Bxe6+ Kf8 43. g4 Nc3 44. Kf2 Ke7 45. Bg8 Kd6 46. Bb3 a2 47. Bxa2 Nxa2 48. Ke3 Ke5 49. h4 Nb4 50. Kf3 Nd5 51. h5 h6 52. Kg3 Ke4 53. g5 Kf5 54. gxh6 gxh6 55. Kh4 Nf6 0-1

[Event "Verbandsliga Sued Baden 1011"]
[Site "Baden"]
[Date "2010.10.31"]
[Round "2.2"]
[White "Bochis, Julia"]
[Black "Schuh, Hubert"]
[Result "1/2-1/2"]
[WhiteElo "2085"]
[BlackElo "2292"]
[PlyCount "83"]
[EventDate "2010.10.17"]
[EventType "team-tourn"]
[EventRounds "9"]
[EventCountry "GER"]
[SourceTitle "EXT 2012"]
[Source "ChessBase"]
[SourceDate "2011.11.24"]
[SourceVersion "1"]
[SourceVersionDate "2011.11.24"]
[SourceQuality "1"]
[WhiteTeam "Baden-Baden IV"]
[BlackTeam "Kuppenheim"]
[WhiteTeamCountry "GER"]
[BlackTeamCountry "GER"]

1. e4 c5 2. Nf3 d6 3. d4 cxd4 4. Nxd4 Nf6 5. Nc3 a6 6. Be2 e6 7. 0-0 Be7 8. f4 0-0 9. Be3 Nc6 10. a4 Qc7 11. Kh1 Bd7 12. Nb3 b6 13. Qe1 Nb4 14. Bd3 Nxd3 15. cxd3 b5 16. Rc1 Qb8 17. a5 Qb7 18. Na2 Rac8 19. Nb4 Rxc1 20. Qxc1 Rc8 21. Qd2 e5 22. Rc1 Be6 23. Rxc8+ Qxc8 24. Qc1 Qb7 25. Qc6 Qxc6 26. Nxc6 Kf8 27. Nc1 Ng4 28. Bd2 exf4 29. Bxf4 g5 30. Bg3 Ke8 31. Ne2 Bf6 32. d4 Bc4 33. Nc3 b4 34. Nd1 Kd7 35. Nxb4 Bxd4 36. Nc2 Bc5 37. b4 Bb3 38. bxc5 Bxc2 39. Nf2 Nxf2+ 40. Bxf2 Bxe4 41. cxd6 Kxd6 42. Kg1 1/2-1/2

[Event "GER-ch U18 Girls"]
[Site "Oberhof"]
[Date "2010.05.27"]
[Round "7"]
[White "Kinzel, Tiffany"]
[Black "Bochis, Julia"]
[Result "0-1"]
[WhiteElo "1570"]
[BlackElo "2086"]
[PlyCount "56"]
[EventDate "2010.05.22"]
[EventType "swiss"]
[EventRounds "9"]
[EventCountry "GER"]
[SourceTitle "CBM 136 Extra"]
[Source "ChessBase"]
[SourceDate "2010.07.02"]
[SourceVersion "2"]
[SourceVersionDate "2010.07.15"]
[SourceQuality "1"]

1. d4 Nf6 2. e3 c5 3. Bd3 d5 4. c3 e6 5. Nd2 Nc6 6. f4 Bd6 7. Qf3 Qe7 8. Qg3 Bd7 9. Ngf3 cxd4 10. cxd4 Nb4 11. Bb1 Bb5 12. Ne5 0-0 13. a3 Rac8 14. Kf2 Nc2 15. Ra2 Rc7 16. Kf3 Rfc8 17. Bxc2 Rxc2 18. Ra1 Ne4 19. Qe1 Bxe5 20. fxe5 f6 21. a4 Bd3 22. Rg1 fxe5 23. Nxe4 Bxe4+ 24. Kg4 Bf5+ 25. Kf3 e4+ 26. Kf4 g5+ 27. Ke5 Qg7+ 28. Kd6 R8c6# 0-1